Регионална библиотека "Любен Каравелов" - Русе

Честит рожден ден! (Запис номер 200067)

MARC детайли
000 -Лидер
Контролно поле с фиксирана дължина 01180nam a2200313 c 4500
003 - Код на организацията, давaща контролен номер
Контролно поле BLK
005 - Дата и час на последна редакция
Контролно поле 20241122143825.0
008 - Елементи от данни с фиксирана дължина
fixed length control field 180411b bul|||||r ||||||| ||bul||
010 ## - Наследен системен номер
LC control number KNG00209482000
020 ## - Международен стандартен номер на книга ISBN
Международен стандартен номер на книга ISBN 978-954-375-035-1
-- издат.: ПАН
040 ## - Източник на каталожния запис
Идентификатор на билиотеката - собственик на записа BLK
041 ## - Код за език
Код за езика на текст/звукозапис или на отделно заглавие Български
Код за езика КДБФ Български
080 ## - УДК
Текстов определител УДК Българска литература
УДК код - определител по УДК 821.163.2
УДК определител -93-1
УДК - код + определител 821.163.2-93-1
139 ## - Редно поле
Редна дума Честит рожден ден!
Авторски знак Чест - Ч 74
245 10 - Сведения за заглавието
Заглавие Честит рожден ден!
Подзаглавни данни Стихчета за най-малките
Редно поле (дума) подб. Десислава Василева Стоянова; худож. Спас Спасов.
257 ## - Страна на издаване
Страна на създаване/издаване България
260 ## - Област на издателските данни
-- София
Име на издателя, разпространителя и проч. ПАН
Година на издаване 2008
300 ## - Физическа характеристика
Страници 11 с.
Размери/Мащаб 25 см
380 ## - Жанр
Жанр Детска худож. лит.
490 1# - СЕРИИ (Колекции)
Име на серия Стихчета за най-малките
№: серия 16
700 1# - Други автори (авторска отговорност)
Лично име Стоянова, Десислава Василева
Автороска отговорност (Описва отношението между автора и произведението) подб.
9 (RLIN) 386063
700 1# - Други автори (авторска отговорност)
Лично име Спасов, Спас
Автороска отговорност (Описва отношението между автора и произведението) худож.
9 (RLIN) 369723
852 ## - Местоположение
Форматна сигнатура Цб 286514
856 4# - Електронен адрес и достъп
Електронен формат pdf - файл
Път до файла /url/
856 4# - Електронен адрес и достъп
Електронен формат pdf - файл
Път до файла /url/
942 ## - АРТИКУЛИ
Вид на библиотечния материал Книги
Скрит в OPAC Не
Koha issues (borrowed), all copies 1
944 ## - СЪЗДАВАНЕ И РЕДАКЦИЯ на ЗАПИСА
Създаване/Редакция Създаване
Дата на регистрацията/редакция 15.07.2017
Служител, извършил регистрацията/редакцията 30543
Статус, дата на статуса Ива Цветкова
944 ## - СЪЗДАВАНЕ И РЕДАКЦИЯ на ЗАПИСА
Създаване/Редакция Редакция
Дата на регистрацията/редакция 14.08.2017
Служител, извършил регистрацията/редакцията Грета_Цуфелде
999 ## - СИСТЕМНИ КОНТРОЛНИ НОМЕРА
Koha biblionumber 200067
Koha biblioitemnumber 200067
Наличности
Код за отписване Код за изгубен артикул Код за повреда Коз за рестрикции Код за отдаване Артикулен № Име на библиотеката - собственик Име на библиотеката, в която се намира в момента Статус (Текущо местоположение) Дата на вписване в системата Местоположение - отдел Цена в лева Инвентарен номер Систематично азбучна сигнатура Баркод Номер на екземпляра Цена в евро Служебна бележка Служебен тип на артикула
  Не е изгубен Не е повреден без рестрикции заемане за дома 347130 Регионална библиотека "Любен Каравелов" Русе Регионална библиотека "Любен Каравелов" Русе Детски отдел 2017-07-14 Детски отдел 1.90 120000813371 ДХ 886.7/Ч 74 120000813371 1 0.97 Дост: DA Вид: А N: 30 Дата: 14.07.2017 Книги
Vip Innovations Ltd, Rousse, Bulgaria 2025